[Event "Frankfurt Ch B 2018"]
[Site "Ffm-Höchst, BiKuZ"]
[Date "2018.05.07"]
[Round "2.11"]
[White "Brunner, Andreas"]
[Black "Grimm, Heinz-Peter"]
[Result "1-0"]
[WhiteElo "1387"]
[BlackElo "1402"]
[PlyCount "71"]
[EventDate "2018.??.??"]
[WhiteTeam "Berkershm"]
[BlackTeam "vereinslos"]

1. d4 d5 2. c4 Nf6 3. Nf3 Bf5 4. Bg5 e6 5. e3 Be7 6. Nc3 h6 7. Bxf6 Bxf6 8. Bd3
Bxd3 9. Qxd3 O-O 10. O-O c6 11. Rac1 Nd7 12. cxd5 exd5 13. b4 b5 14. a3 Re8 15.
Rfe1 Nb6 16. e4 Rc8 17. e5 Bg5 18. Ra1 Re6 19. Qf5 Qe7 20. g3 Nc4 21. h4 Bd2
22. Nxd2 Nxd2 23. Ra2 Nc4 24. Ne2 Re8 25. Rf1 Qd8 26. Nf4 R6e7 27. Nd3 Re6 28.
Nf4 R6e7 29. Rc1 Nb6 30. Rxc6 Nc4 31. Rc5 f6 32. Rxd5 Qa8 33. Rd7 Nxe5 34. dxe5
Rxe5 35. Rxg7+ Kf8 36. Qxf6# 1-0

[Event "Frankfurt Ch B 2018"]
[Site "Ffm-Höchst, BiKuZ"]
[Date "2018.05.07"]
[Round "2.12"]
[White "Landvoigt, Martin"]
[Black "Peschk, Kathrin"]
[Result "1/2-1/2"]
[WhiteElo "1218"]
[BlackElo "1234"]
[PlyCount "118"]
[EventDate "2018.??.??"]
[WhiteTeam "SF Friedberg"]
[BlackTeam "SV Groß-Gerau"]

1. d4 f5 2. Bf4 d5 3. Nf3 Nf6 4. h3 e6 5. e3 Nbd7 6. a3 Ne4 7. Nbd2 Ndf6 8. c4
c6 9. Ne5 Bd7 10. c5 Nxd2 11. Qxd2 Ne4 12. Qe2 Nf6 13. Qd3 Be7 14. Be2 O-O 15.
O-O Be8 16. b4 Bh5 17. b5 Bxe2 18. Qxe2 Nd7 19. bxc6 Nxe5 20. cxb7 Rb8 21. Bxe5
Rxb7 22. Qa6 Qc8 23. c6 Rb2 24. Qxa7 Bf6 25. Bd6 Rd8 26. Qc5 Re8 27. c7 Rb7 28.
Rab1 Qa8 29. Rfc1 Rc8 30. Rxb7 Qxb7 31. Be7 Kf7 32. Bxf6 gxf6 33. Qd6 e5 34.
Qxd5+ Qxd5 35. Rc5 Qa2 36. dxe5 fxe5 37. f4 exf4 38. Rxf5+ Ke6 39. Rxf4 Rxc7
40. a4 Qa1+ 41. Kh2 Qe5 42. a5 Qxe3 43. Rf3 Qe5+ 44. Rg3 Ra7 45. h4 Rxa5 46.
Kh3 Qf5+ 47. Kh2 Ra1 48. Re3+ Kd5 49. Rg3 Kd6 50. Rg5 Qf1 51. Kh3 Qh1+ 52. Kg3
Ra3+ 53. Kg4 Qxg2+ 54. Kh5 Qe2+ 55. Kh6 Rh3 56. Kxh7 Rxh4+ 57. Kg7 Qe7+ 58. Kg6
Ke6 59. Re5+ Kxe5 1/2-1/2

[Event "Frankfurt Ch B 2018"]
[Site "Ffm-Höchst, BiKuZ"]
[Date "2018.05.07"]
[Round "2.13"]
[White "Grünzig, Matthias"]
[Black "Klein, Simon"]
[Result "0-1"]
[WhiteElo "1347"]
[BlackElo "1232"]
[PlyCount "98"]
[EventDate "2018.??.??"]
[WhiteTeam "Berkershm"]
[BlackTeam "SK Hungen"]

1. d4 Nf6 2. c4 d6 3. Nf3 Nbd7 4. Nc3 e5 5. Bg5 Be7 6. dxe5 dxe5 7. Bxf6 Bxf6
8. e4 c6 9. Be2 Qc7 10. O-O Nf8 11. b4 h6 12. Qc2 g5 13. h3 g4 14. hxg4 Bxg4
15. Nh2 Bxe2 16. Qxe2 Ng6 17. g3 h5 18. Qf3 Qe7 19. a3 O-O-O 20. Rad1 Rdg8 21.
Qf5+ Kc7 22. Rd3 Bh4 23. Rfd1 Nf8 24. Qh3 Rg6 25. Ne2 Rhg8 26. Nf3 Bf6 27. Nd2
h4 28. Nf1 hxg3 29. Rxg3 Rh8 30. Qf5 Rhg8 31. Rdd3 Bh4 32. Rxg6 Rxg6+ 33. Neg3
Rg5 34. Qh3 Ng6 35. Rf3 Bxg3 36. Rxg3 Nf4 37. Qh4 Ne2+ 38. Kg2 Nxg3 39. fxg3 f6
40. Ne3 Qf7 41. Nf5 Qxc4 42. Qh7+ Kb6 43. Qe7 Qxe4+ 44. Kh2 Qxf5 45. Qd8+ Kb5
46. Qa5+ Kc4 47. Qc5+ Kd3 48. Kg2 Qe4+ 49. Kf1 Qe2+ 0-1

[Event "Frankfurt Ch B 2018"]
[Site "Ffm-Höchst, BiKuZ"]
[Date "2018.05.07"]
[Round "2.14"]
[White "Wundram, Till"]
[Black "Winter, Thomas"]
[Result "0-1"]
[WhiteElo "917"]
[BlackElo "1345"]
[PlyCount "76"]
[EventDate "2018.??.??"]
[WhiteTeam "vereinslos"]
[BlackTeam "SV Oberursel"]

1. e3 d6 2. d3 Nf6 3. g3 g6 4. Bg2 Bg7 5. Ne2 O-O 6. b3 Nbd7 7. Bb2 e5 8. Nd2
c6 9. O-O Re8 10. d4 Qc7 11. c4 e4 12. Rc1 Qa5 13. a3 d5 14. b4 Qd8 15. b5 a6
16. a4 Nb6 17. h4 Bg4 18. Re1 Qd7 19. Qb3 axb5 20. axb5 Rec8 21. Nf4 Rd8 22. f3
exf3 23. Nxf3 Bxf3 24. Bxf3 Ne4 25. cxd5 Nd2 26. dxc6 Nxf3+ 27. Kf2 Qg4 28.
cxb7 Rab8 29. Rc7 Rd7 30. Rec1 Rxb7 31. Rxb7 Rxb7 32. Nd5 Nd2 33. Qa2 Ne4+ 34.
Ke1 Qxg3+ 35. Ke2 Bh6 36. Nxb6 Qxe3+ 37. Kd1 Qd3+ 38. Ke1 Qd2+ 0-1

[Event "Frankfurt Ch B 2018"]
[Site "Ffm-Höchst, BiKuZ"]
[Date "2018.05.07"]
[Round "2.15"]
[White "Schäfer, Dieter"]
[Black "Lassek, Bjarne"]
[Result "1/2-1/2"]
[WhiteElo "1283"]
[BlackElo "912"]
[PlyCount "48"]
[EventDate "2018.??.??"]
[WhiteTeam "SV Ffm-Griesheim"]
[BlackTeam "SC Nied"]

1. d4 d5 2. c4 e6 3. Nc3 Nf6 4. Bg5 Bb4 5. a3 Be7 6. e3 h6 7. Bxf6 Bxf6 8. Nf3
Nc6 9. b4 dxc4 10. Bxc4 e5 11. dxe5 Qxd1+ 12. Rxd1 Nxe5 13. Nxe5 Bxe5 14. Rc1
a6 15. O-O O-O 16. f4 Bf6 17. Nd5 Bd8 18. Bb3 c6 19. Nc3 Bb6 20. Rf3 Re8 21.
Re1 Re7 22. Kh1 Bd7 23. e4 Bf5 24. e5 Kf8 1/2-1/2

[Event "Frankfurt Ch B 2018"]
[Site "Ffm-Höchst, BiKuZ"]
[Date "2018.05.07"]
[Round "2.16"]
[White "Dröser, Wolfgang"]
[Black "Czinkota, Thomas"]
[Result "1-0"]
[WhiteElo "1260"]
[BlackElo "799"]
[PlyCount "41"]
[EventDate "2018.??.??"]
[WhiteTeam "SC Sulzbach"]
[BlackTeam "SC Bad Soden"]

1. f4 f5 2. Nf3 d6 3. b3 Nc6 4. e3 e5 5. fxe5 dxe5 6. g3 Nf6 7. d3 e4 8. Nh4 g5
9. Ng2 Bg7 10. Bb2 Qd5 11. Nc3 Qa5 12. d4 Be6 13. a3 Qb6 14. b4 Nxb4 15. axb4
Qxb4 16. Qc1 Nd5 17. Ra4 Qd6 18. Ba3 Qd7 19. Rc4 b5 20. Rc5 b4 21. Bb5 1-0

[Event "Frankfurt Ch B 2018"]
[Site "Ffm-Höchst, BiKuZ"]
[Date "2018.05.07"]
[Round "2.19"]
[White "Lachmann, Irma"]
[Black "Hartwig, Horst"]
[Result "0-1"]
[WhiteElo "819"]
[BlackElo "1155"]
[PlyCount "98"]
[EventDate "2018.??.??"]
[WhiteTeam "Berkershm"]
[BlackTeam "vereinslos"]

1. d4 d5 2. c4 dxc4 3. e3 b5 4. Nf3 h6 5. Be2 Nf6 6. O-O Na6 7. a3 Bb7 8. Bd2
c5 9. Bc3 Qc7 10. Nbd2 Ng4 11. g3 e6 12. Qc2 b4 13. axb4 cxb4 14. Qa4+ Kd8 15.
Bxc4 Bxf3 16. Qxa6 bxc3 17. Nxf3 cxb2 18. Rab1 Rb8 19. Rfe1 Rb6 20. Qa4 Rb4 21.
Qa2 Rxc4 22. Rxb2 Rc6 23. Rd1 Ke7 24. d5 Rd6 25. e4 Kf6 26. e5+ Nxe5 27. Qb3
Rb6 28. Qa2 Rxb2 29. Qxb2 Bd6 30. Qe2 Rc8 31. Qe4 Ke7 32. Nxe5 Bxe5 33. d6+
Bxd6 34. Re1 Qc4 35. Qb7+ Rc7 36. Qf3 a5 37. Qa8 Bb4 38. Rf1 Qd5 39. Qa6 Kf6
40. Qe2 Qf5 41. Qb2+ Kg6 42. Qd4 Rc2 43. Qf4 Qxf4 44. gxf4 Bc5 45. Kh1 Rxf2 46.
Rxf2 Bxf2 47. Kg2 Bd4 48. Kf3 a4 49. h4 a3 0-1

[Event "Frankfurt Ch A 2018"]
[Site "Ffm-Höchst, BiKuZ"]
[Date "2018.05.14"]
[Round "3.1"]
[White "Nagelsdiek, Ralf"]
[Black "Poetsch, Hagen"]
[Result "0-1"]
[WhiteElo "1991"]
[BlackElo "2505"]
[PlyCount "26"]
[EventDate "2018.??.??"]
[WhiteTeam "SC Bad Soden"]
[BlackTeam "SC Heusenstamm"]

1. Nf3 g6 2. c4 Bg7 3. Nc3 e5 4. d4 exd4 5. Nxd4 Nc6 6. Nxc6 bxc6 7. Qd3 Ne7 8.
e4 O-O 9. Be2 Rb8 10. Rb1 d5 11. cxd5 cxd5 12. Nxd5 Nxd5 13. exd5 Bf5 0-1

[Event "Frankfurt Ch A 2018"]
[Site "Ffm-HÃ¶chst, BiKuZ"]
[Date "2018.05.22"]
[Round "3.2"]
[White "Benninger, Rudolf"]
[Black "Legde, Georg"]
[Result "1/2-1/2"]
[WhiteElo "1895"]
[BlackElo "2273"]
[PlyCount "23"]
[EventDate "2018.??.??"]
[WhiteTeam "SC Heusenstamm"]
[BlackTeam "Freibauer MÃ¶rlenbach"]

1. e4 d6 2. d4 Nf6 3. Nc3 g6 4. g3 Bg7 5. Bg2 O-O 6. Nge2 Nbd7 7. O-O e5 8. h3
c6 9. Be3 Re8 10. g4 b5 11. d5 cxd5 12. Nxd5 1/2-1/2

[Event "Frankfurt Ch A 2018"]
[Site "Ffm-Höchst, BiKuZ"]
[Date "2018.05.14"]
[Round "3.3"]
[White "Pfeffer, Marko"]
[Black "Uwira, Oliver"]
[Result "0-1"]
[WhiteElo "1967"]
[BlackElo "2186"]
[PlyCount "66"]
[EventDate "2018.??.??"]
[WhiteTeam "SC Bergen-Enkheim"]
[BlackTeam "SC Nied"]

1. e4 c5 2. Be2 Nc6 3. d3 g6 4. f4 Bg7 5. Nf3 e6 6. O-O Nge7 7. c3 O-O 8. Na3
Rb8 9. Nc2 d6 10. Qe1 b6 11. Qh4 f5 12. Ng5 h6 13. Nh3 Ba6 14. c4 b5 15. exf5
exf5 16. Rb1 bxc4 17. dxc4 d5 18. Rd1 Nd4 19. Nxd4 cxd4 20. b3 dxc4 21. Ba3 Nd5
22. Qg3 Nc3 23. Bf1 Re8 24. Qxg6 Rb6 25. Qxf5 Nxb1 26. Rxb1 d3 27. Nf2 Rf6 28.
Qg4 c3 29. Qf3 d2 30. Qxc3 Rxf4 31. Qg3 Rxf2 32. Bb2 Rf7 33. Bxa6 d1=Q+ 0-1

[Event "Frankfurt Ch A 2018"]
[Site "Ffm-Höchst, BiKuZ"]
[Date "2018.05.14"]
[Round "3.4"]
[White "Karsay, Pascal"]
[Black "Krüger, Till"]
[Result "1-0"]
[WhiteElo "2174"]
[BlackElo "1956"]
[PlyCount "77"]
[EventDate "2018.??.??"]
[WhiteTeam "SK Gau-Algesheim"]
[BlackTeam "SC Nidderau"]

1. e4 d6 2. d4 Nf6 3. Nc3 e5 4. Nf3 exd4 5. Nxd4 Be7 6. g3 O-O 7. Bg2 c6 8. O-O
Re8 9. Bf4 Nbd7 10. Nf5 Ne5 11. Nxe7+ Qxe7 12. Qd2 Be6 13. Rad1 Nh5 14. Qxd6
Qxd6 15. Rxd6 Nxf4 16. gxf4 Nc4 17. Rdd1 Rad8 18. Rxd8 Rxd8 19. Rd1 Rxd1+ 20.
Nxd1 f6 21. Kf1 Kf8 22. Ke2 g5 23. b3 Nd6 24. fxg5 fxg5 25. Ke3 Nf7 26. f4 h6
27. Nf2 Nd6 28. Nd3 b6 29. Bf3 c5 30. f5 Bc8 31. Bh5 Bb7 32. Nf2 Kg7 33. Bg6
Nc8 34. Ng4 Nd6 35. e5 Ne4 36. Bh5 Nc3 37. f6+ Kf8 38. e6 Nd5+ 39. Kd2 1-0

[Event "Frankfurt Ch A 2018"]
[Site "Ffm-Höchst, BiKuZ"]
[Date "2018.05.14"]
[Round "3.5"]
[White "Weber, Samuel"]
[Black "Steudel, Max"]
[Result "0-1"]
[WhiteElo "2119"]
[BlackElo "1943"]
[PlyCount "86"]
[EventDate "2018.??.??"]
[WhiteTeam "SV Oberursel"]
[BlackTeam "SC Brett vorm Kopp"]

1. e4 d5 2. exd5 Nf6 3. Nc3 Nxd5 4. Bc4 c6 5. Qf3 e6 6. Nge2 Nd7 7. d4 Be7 8.
Qg3 Nxc3 9. Nxc3 Nb6 10. Bd3 Qxd4 11. Bf4 Bf6 12. Rd1 Nd5 13. Be4 Qc4 14. Bxd5
cxd5 15. Be5 Bxe5 16. Qxe5 O-O 17. Rd4 Qa6 18. h4 Bd7 19. h5 h6 20. Rg4 f6 21.
Qg3 Rf7 22. Rhh4 e5 23. Rg6 Bf5 24. Rxh6 Rc8 25. Rg6 d4 26. Qf3 Qe6 27. Ne4
Rxc2 28. Qd3 Rxb2 29. Kf1 Qxa2 30. Kg1 Qb1+ 31. Qxb1 Rxb1+ 32. Kh2 Bxe4 33.
Rxe4 d3 34. Rc4 d2 35. h6 d1=Q 36. Rc8+ Kh7 37. hxg7 Rxg7 38. Rxg7+ Kxg7 39.
Rc7+ Kg6 40. Rc3 Qg1+ 41. Kh3 Qxf2 42. Rg3+ Kh5 43. Rg5+ Kxg5 0-1

[Event "Frankfurt Ch A 2018"]
[Site "Ffm-Höchst, BiKuZ"]
[Date "2018.05.14"]
[Round "3.6"]
[White "Bagatsch, Thomas"]
[Black "Sandten, Ulrich"]
[Result "1-0"]
[WhiteElo "1944"]
[BlackElo "2074"]
[PlyCount "49"]
[EventDate "2018.??.??"]
[WhiteTeam "SC Brett vorm Kopp"]
[BlackTeam "VSG Offenbach"]

1. e4 e6 2. c4 d5 3. cxd5 exd5 4. exd5 Nf6 5. Bb5+ Nbd7 6. Nc3 Be7 7. d4 O-O 8.
Nf3 Nb6 9. Ne5 Nbxd5 10. O-O Bf5 11. Qf3 Nxc3 12. bxc3 Be4 13. Qe2 a6 14. Ba4
b5 15. Bb3 c5 16. Bg5 Bd5 17. dxc5 Qc7 18. Bxf6 Bxb3 19. Bxe7 Qxe7 20. axb3
Rfe8 21. Rfe1 f6 22. c4 Qxc5 23. Nd3 Qd4 24. Qc2 Rxe1+ 25. Rxe1 1-0

[Event "Frankfurt Ch A 2018"]
[Site "Ffm-Höchst, BiKuZ"]
[Date "2018.05.14"]
[Round "3.7"]
[White "Calvi, Stefan"]
[Black "Ochmann, Reimund"]
[Result "1-0"]
[WhiteElo "2019"]
[BlackElo "1899"]
[PlyCount "57"]
[EventDate "2018.??.??"]
[WhiteTeam "SF Frankfurt"]
[BlackTeam "SK Langen"]

1. e4 e5 2. Nf3 Nc6 3. d4 exd4 4. Nxd4 Nf6 5. Nc3 Bb4 6. Nxc6 bxc6 7. Bd3 O-O
8. O-O Re8 9. Qf3 d5 10. exd5 cxd5 11. Bg5 c6 12. h3 Be7 13. Rad1 h6 14. Bf4
Bd6 15. Ne2 Rb8 16. b3 Qc7 17. Bxh6 Ne4 18. Bf4 Bxf4 19. Qxf4 Qb6 20. Ng3 Nc3
21. Rde1 Ba6 22. Bxa6 Qxa6 23. a4 Qa5 24. Re3 Red8 25. Qd4 Na2 26. Nf5 f6 27.
Re7 Qc3 28. Rxg7+ Kf8 29. Qh4 1-0

[Event "Frankfurt Ch A 2018"]
[Site "Ffm-Höchst, BiKuZ"]
[Date "2018.05.14"]
[Round "3.8"]
[White "Gutacker, Stephan"]
[Black "Nekhamkis, Genadi"]
[Result "0-1"]
[WhiteElo "1854"]
[BlackElo "1992"]
[PlyCount "68"]
[EventDate "2018.??.??"]
[WhiteTeam "Sfr. Kelkheim"]
[BlackTeam "SK Marburg"]

1. e4 d5 2. exd5 Nf6 3. Be2 Qxd5 4. Nf3 Bg4 5. Nc3 Qh5 6. d3 Nc6 7. Qd2 h6 8.
Qf4 e5 9. Qa4 Bc5 10. Be3 Bxe3 11. fxe3 O-O 12. O-O-O a6 13. h3 Bxf3 14. Bxf3
Qg5 15. Rde1 b5 16. Qb3 Nd4 17. Qb4 Nxf3 18. gxf3 Rfb8 19. Ne4 a5 20. Nxf6+
Qxf6 21. Qg4 b4 22. d4 a4 23. dxe5 Qxe5 24. Qd4 Qe6 25. Rhg1 g6 26. Kb1 b3 27.
cxb3 axb3 28. a3 Qe7 29. Rg2 Rb6 30. Reg1 Rd8 31. Qc4 Kg7 32. Qc3+ Kh7 33. f4
Qe4+ 34. Ka1 Qxg2 0-1

[Event "Frankfurt Ch A 2018"]
[Site "Ffm-Höchst, BiKuZ"]
[Date "2018.05.14"]
[Round "3.9"]
[White "Rutsatz, Mario"]
[Black "Milov, Leonid"]
[Result "0-1"]
[WhiteElo "1941"]
[BlackElo "2428"]
[PlyCount "51"]
[EventDate "2018.??.??"]
[WhiteTeam "SF Frankfurt"]
[BlackTeam "SC Noris-Tarrasch Nürnberg"]

1. c4 f5 2. Nc3 Nf6 3. g3 e5 4. Bg2 Bb4 5. Nd5 Be7 6. Nf3 d6 7. d3 O-O 8. O-O
Nxd5 9. cxd5 Kh8 10. Bd2 c6 11. Qb3 Bf6 12. Rac1 cxd5 13. Qxd5 Nc6 14. b4 Qe7
15. Qb3 e4 16. dxe4 fxe4 17. Ne1 Nd4 18. Qe3 Bg4 19. f3 exf3 20. Bxf3 Bxf3 21.
Qxe7 Bxe7 22. exf3 Ne2+ 23. Kg2 Nxc1 24. Bxc1 Rac8 25. Be3 Rc3 26. Bd4 0-1

[Event "Frankfurt Ch A 2018"]
[Site "Ffm-Höchst, BiKuZ"]
[Date "2018.05.14"]
[Round "3.10"]
[White "Minor, Samuel"]
[Black "Kuban, Günther"]
[Result "1-0"]
[WhiteElo "2225"]
[BlackElo "1967"]
[PlyCount "117"]
[EventDate "2018.??.??"]
[WhiteTeam "Wiesbadener SV"]
[BlackTeam "SV Oberursel"]

1. e4 d6 2. d4 Nf6 3. Nc3 g6 4. Be3 Bg7 5. Qd2 Ng4 6. Bg5 h6 7. Bh4 g5 8. Bg3
Nc6 9. d5 Nb8 10. h4 e6 11. Nf3 exd5 12. exd5 Ne5 13. Nxe5 dxe5 14. O-O-O O-O
15. hxg5 Qxg5 16. Qxg5 hxg5 17. d6 cxd6 18. Rxd6 Nc6 19. Ne4 Bf5 20. Nf6+ Bxf6
21. Rxf6 Bg6 22. Bb5 Kg7 23. Rd6 f6 24. Bxc6 bxc6 25. Rxc6 Rfc8 26. Rxc8 Rxc8
27. c3 Bf7 28. Rd1 a5 29. Rd7 Kg6 30. Ra7 Rc5 31. f3 Bc4 32. Bf2 Rb5 33. b3 Bf1
34. c4 Rb8 35. g3 Rh8 36. Kd2 Rd8+ 37. Ke1 Bg2 38. Ke2 g4 39. fxg4 e4 40. Rxa5
Rd3 41. Be3 Bf3+ 42. Kf2 Bxg4 43. Rd5 Rc3 44. c5 Kf7 45. Rd6 Ke7 46. b4 Ra3 47.
b5 Rxa2+ 48. Rd2 Rxd2+ 49. Bxd2 Be6 50. Bb4 Kd7 51. Ke3 f5 52. Kd4 Kc7 53. Ba5+
Kb8 54. c6 e3 55. b6 e2 56. Bd2 Bc8 57. b7 Bxb7 58. cxb7 Kxb7 59. Ke5 1-0

[Event "Frankfurt Ch A 2018"]
[Site "Ffm-Höchst, BiKuZ"]
[Date "2018.05.14"]
[Round "3.11"]
[White "Kuhn, Gerhard"]
[Black "Nehmert, Ulrich"]
[Result "1/2-1/2"]
[WhiteElo "1927"]
[BlackElo "2149"]
[PlyCount "47"]
[EventDate "2018.??.??"]
[WhiteTeam "SK Marburg"]
[BlackTeam "Wiesbadener SV"]

1. e4 c5 2. c3 g6 3. d4 cxd4 4. cxd4 d5 5. exd5 Nf6 6. Bb5+ Nbd7 7. d6 e6 8.
Nc3 Bxd6 9. Bh6 Bf8 10. Qc1 a6 11. Be2 Qb6 12. Bxf8 Kxf8 13. Qh6+ Kg8 14. Qd2
Kg7 15. Nf3 Qd6 16. O-O b5 17. Ng5 Bb7 18. Bf3 Bxf3 19. Nxf3 Rac8 20. Rfd1 Rhd8
21. Rdc1 Rc7 22. Ne2 Rdc8 23. Rxc7 Rxc7 24. Rc1 1/2-1/2

[Event "Frankfurt Ch A 2018"]
[Site "Ffm-Höchst, BiKuZ"]
[Date "2018.05.14"]
[Round "3.12"]
[White "Zimmermann, Rolf"]
[Black "Varma, Christopher"]
[Result "1-0"]
[WhiteElo "2124"]
[BlackElo "1816"]
[PlyCount "77"]
[EventDate "2018.??.??"]
[WhiteTeam "SC Tornado Hochneukirch"]
[BlackTeam "SC Bad Nauheim"]

1. c4 Nf6 2. d4 g6 3. e3 Bg7 4. Nf3 O-O 5. Nc3 c5 6. Be2 d6 7. O-O Bg4 8. h3
Bf5 9. b3 Ne4 10. Nxe4 Bxe4 11. Bb2 a6 12. Qd2 Nc6 13. Ng5 Bf5 14. Bf3 Qc7 15.
Bxc6 Qxc6 16. d5 Qc7 17. Bxg7 Kxg7 18. Qc3+ Kg8 19. e4 Bd7 20. f4 b5 21. e5 h6
22. Ne4 dxe5 23. fxe5 Bf5 24. d6 Qd8 25. dxe7 Qxe7 26. Nd6 Bd7 27. Rf6 Rad8 28.
Qe3 Kg7 29. Raf1 Be6 30. Qxc5 bxc4 31. bxc4 Rd7 32. Qb6 Rc7 33. Qd4 Qd7 34. c5
Qc6 35. Rd1 Bxa2 36. e6 Kh7 37. exf7 Qd5 38. Qg4 g5 39. Nf5 1-0

[Event "Frankfurt Ch A 2018"]
[Site "Ffm-HÃ¶chst, BiKuZ"]
[Date "2018.05.14"]
[Round "3.13"]
[White "Thomas, Norbert"]
[Black "Neininger, Ralph"]
[Result "0-1"]
[WhiteElo "1915"]
[BlackElo "2123"]
[PlyCount "49"]
[EventDate "2018.??.??"]
[WhiteTeam "SC Frankfurt-West"]
[BlackTeam "Frankfurter TV"]

1. d4 d5 2. c4 dxc4 3. Nf3 Nf6 4. g3 b5 5. Bg2 Bb7 6. O-O e6 7. b3 cxb3 8. Qxb3
a6 9. Nc3 Be7 10. Re1 O-O 11. e4 Nc6 12. e5 Na5 13. Qc2 Nd7 14. Ne4 h6 15. h4
Nc4 16. g4 f5 17. exf6 Nxf6 18. Nxf6+ Bxf6 19. g5 Bxf3 20. Bxf3 Bxd4 21. Bxa8
Qxa8 22. Be3 Nxe3 23. fxe3 Bxa1 24. Rxa1 Qf3 25. Re1 0-1

[Event "Frankfurt Ch A 2018"]
[Site "Ffm-Höchst, BiKuZ"]
[Date "2018.05.14"]
[Round "3.14"]
[White "Hochmuth, Christian"]
[Black "Medvedovski, Michael"]
[Result "0-1"]
[WhiteElo "1896"]
[BlackElo "2115"]
[PlyCount "56"]
[EventDate "2018.??.??"]
[WhiteTeam "SG WÃ¤chtersbach"]
[BlackTeam "Frankfurter TV"]

1. c4 e6 2. Nc3 d5 3. cxd5 exd5 4. d4 c5 5. Nf3 Nc6 6. g3 Nf6 7. Bg2 Be7 8. O-O
O-O 9. dxc5 Bxc5 10. Na4 Be7 11. Be3 Bg4 12. Rc1 Qd7 13. Nc5 Bxc5 14. Rxc5 Rfe8
15. Re1 h6 16. Nd4 Ne5 17. Qb3 Nc4 18. Bxd5 Nxd5 19. Qxc4 Nxe3 20. fxe3 Rac8
21. Rxc8 Rxc8 22. Qd3 Qd5 23. b3 Qa5 24. Ra1 Qa3 25. Qd2 Re8 26. Rc1 Qe7 27.
Qc3 Qf6 28. Nf3 Qe6 $138 0-1

[Event "Frankfurt Ch A 2018"]
[Site "Ffm-Höchst, BiKuZ"]
[Date "2018.05.14"]
[Round "3.17"]
[White "Koch, Markus"]
[Black "Bittner, Peter"]
[Result "1-0"]
[WhiteElo "2039"]
[BlackElo "1798"]
[PlyCount "49"]
[EventDate "2018.??.??"]
[WhiteTeam "SC Brett vorm Kopp"]
[BlackTeam "SC Nied"]

1. d4 Nf6 2. c4 e6 3. Nc3 Bb4 4. Qc2 c5 5. dxc5 Bxc5 6. Bf4 a6 7. Nf3 Nc6 8.
Rd1 Qe7 9. a3 e5 10. Bg5 O-O 11. Nd5 Qd8 12. Bxf6 gxf6 13. e3 d6 14. Bd3 h6 15.
b4 Ba7 16. Bf5 Be6 17. Bxe6 fxe6 18. Qg6+ Kh8 19. Qxh6+ Kg8 20. Nc3 Qe7 21. h4
Rac8 22. Rh3 Rf7 23. Ne4 Rg7 24. Nxf6+ Kf7 25. Ng5+ 1-0

[Event "Frankfurt Ch A 2018"]
[Site "Ffm-Höchst, BiKuZ"]
[Date "2018.05.14"]
[Round "3.18"]
[White "Kretner, Georg-Ulrich"]
[Black "Schmidt, Markus"]
[Result "1-0"]
[WhiteElo "1850"]
[BlackElo "2034"]
[PlyCount "39"]
[EventDate "2018.??.??"]
[WhiteTeam "SC Bad Nauheim"]
[BlackTeam "SK Turm Bad Hersfeld"]

1. d4 Nf6 2. Nf3 g6 3. c4 Bg7 4. g3 O-O 5. Bg2 d6 6. O-O Nc6 7. Nc3 a6 8. h3
Rb8 9. e4 Na5 10. Qa4 c6 11. c5 b5 12. cxb6 Qxb6 13. Rb1 c5 14. e5 Nd7 15. Nd5
Qd8 16. Bg5 f6 17. exd6 exd6 18. Bf4 cxd4 19. Bxd6 Nb6 20. Nxb6 1-0

[Event "Frankfurt Ch A 2018"]
[Site "Ffm-Höchst, BiKuZ"]
[Date "2018.05.14"]
[Round "3.19"]
[White "Schreiner, Roland"]
[Black "Hinz, AndrÃ©"]
[Result "1/2-1/2"]
[WhiteElo "1968"]
[BlackElo "1746"]
[PlyCount "117"]
[EventDate "2018.??.??"]
[WhiteTeam "SC Heusenstamm"]
[BlackTeam "SC Brett vorm Kopp"]

1. d4 Nc6 2. Nf3 d6 3. c4 g6 4. Nc3 Bg7 5. e4 e5 6. d5 Nce7 7. Be2 f5 8. exf5
Bxf5 9. Ng5 h6 10. Ne6 Bxe6 11. dxe6 Nf6 12. O-O O-O 13. Qd3 c6 14. Rd1 d5 15.
Qh3 g5 16. b3 Qd6 17. cxd5 Nexd5 18. Bb2 Rfe8 19. Bf3 Rxe6 20. Ne4 Nxe4 21.
Bxe4 Rf6 22. Rd2 Rf4 23. Qd3 Rd8 24. Rad1 Qb4 25. f3 Rff8 26. Qc4 Qb6+ 27. Kh1
Kh8 28. Bxd5 cxd5 29. Rxd5 Rxd5 30. Qxd5 Qc7 31. h3 Re8 32. Qd7 Re7 33. Qd8+
Kh7 34. Ba3 Qxd8 35. Rxd8 Rf7 36. Re8 Kg6 37. Kg1 Rd7 38. Re6+ Kf7 39. Rd6 Rxd6
40. Bxd6 Ke6 41. Bc5 a6 42. Kf2 Kd5 43. Bb6 Bf8 44. Ke3 Ba3 45. g4 Be7 46. Kd3
Bf6 47. Ba5 Be7 48. Bd2 Bc5 49. Be1 Be7 50. Bg3 Bc5 51. h4 Be7 52. hxg5 Bxg5
53. Bh2 b5 54. Bg1 Bf4 55. Be3 a5 56. a3 a4 57. Bxf4 exf4 58. b4 Ke5 59. Kc3
1/2-1/2

[Event "Frankfurt Ch A 2018"]
[Site "Ffm-Höchst, BiKuZ"]
[Date "2018.05.14"]
[Round "3.20"]
[White "Tobon, Sebastian"]
[Black "Chandler, Patrick"]
[Result "1-0"]
[WhiteElo "1800"]
[BlackElo "2102"]
[PlyCount "95"]
[EventDate "2018.??.??"]
[WhiteTeam "SC Heusenstamm"]
[BlackTeam "SC Nied"]

1. e4 c5 2. Nf3 Nf6 3. Nc3 d5 4. exd5 Nxd5 5. Bb5+ Bd7 6. Bxd7+ Qxd7 7. O-O Nc6
8. Nxd5 Qxd5 9. b3 e5 10. Bb2 O-O-O 11. d3 f6 12. Nd2 Kb8 13. Qf3 Qd7 14. a3
Be7 15. Nc4 g5 16. Ne3 h5 17. Qf5 Kc7 18. Qe4 Qe6 19. Nf5 Qf7 20. Bc3 Bf8 21.
b4 Qd5 22. b5 Ne7 23. Ne3 Qxe4 24. dxe4 Bh6 25. g4 hxg4 26. Nxg4 Bg7 27. Rad1
Rxd1 28. Rxd1 Rh4 29. f3 Rh8 30. Ne3 b6 31. Kg2 Ng6 32. Nd5+ Kc8 33. Bd2 Nh4+
34. Kg3 Ng6 35. Be3 Nf8 36. Ne7+ Kc7 37. Nf5 Rh7 38. Rd6 Nd7 39. Rc6+ Kd8 40.
Nd6 Ke7 41. Nc8+ Kf7 42. Nxa7 Rh8 43. Nc8 f5 44. Nd6+ Kg8 45. Nxf5 Bf8 46. Bxg5
Kf7 47. h4 Rg8 48. c4 1-0

[Event "Frankfurt Ch A 2018"]
[Site "Ffm-Höchst, BiKuZ"]
[Date "2018.05.14"]
[Round "3.22"]
[White "Lemonidis, Christos"]
[Black "Henrich, David"]
[Result "0-1"]
[WhiteElo "1739"]
[BlackElo "2079"]
[PlyCount "68"]
[EventDate "2018.??.??"]
[WhiteTeam "SC Nied"]
[BlackTeam "Frankfurter TV"]

1. e4 d6 2. Nf3 Nf6 3. d3 g6 4. g3 Bg7 5. Bg2 c5 6. O-O O-O 7. Nbd2 Nc6 8. c3
e5 9. Re1 h6 10. Nf1 Re8 11. Ne3 Be6 12. h3 d5 13. exd5 Nxd5 14. Ng4 Bxg4 15.
hxg4 Qd7 16. Nh4 Rad8 17. Bf1 b5 18. a3 a5 19. c4 bxc4 20. dxc4 Nf6 21. Qxd7
Nxd7 22. Nf3 e4 23. Nh4 Nd4 24. Rd1 Ne5 25. Be3 Nxg4 26. Rab1 g5 27. Bh3 Nxe3
28. fxe3 gxh4 29. exd4 Bxd4+ 30. Kg2 hxg3 31. Kxg3 e3 32. Bg4 Rb8 33. Bd7 e2
34. Re1 Rb3+ 0-1

[Event "Frankfurt Ch A 2018"]
[Site "Ffm-Höchst, BiKuZ"]
[Date "2018.05.14"]
[Round "3.23"]
[White "Rondonuwu, Grover"]
[Black "Fröhlich-Dill, Astrid"]
[Result "1-0"]
[WhiteElo "2036"]
[BlackElo "1786"]
[PlyCount "79"]
[EventDate "2018.??.??"]
[WhiteTeam "Frankfurter TV"]
[BlackTeam "SV Hofheim"]

1. d4 Nf6 2. Nf3 e6 3. Bf4 b6 4. e3 Bb7 5. Be2 Be7 6. h3 d6 7. O-O Nbd7 8. a4
Nd5 9. Bh2 f5 10. a5 bxa5 11. Nbd2 O-O 12. Nc4 f4 13. Nxa5 Rb8 14. c4 fxe3 15.
Nxb7 exf2+ 16. Rxf2 Rxb7 17. cxd5 exd5 18. Ba6 Rb6 19. Bd3 Nf6 20. Ng5 Ne4 21.
Nxe4 dxe4 22. Rxf8+ Qxf8 23. Bxe4 Rxb2 24. Bg3 Qb8 25. Qh5 g6 26. Qd5+ Kg7 27.
Rf1 Qe8 28. Qe6 Rb8 29. Bd5 Bg5 30. Rf7+ Kh6 31. Qxe8 Rxe8 32. Rxc7 Rb8 33. Be4
Be3+ 34. Kh2 Rb4 35. Bxd6 Rxd4 36. Bf8+ Kg5 37. h4+ Kf4 38. Bf3 Bf2 39. Rf7+
Ke5 40. Bg7+ 1-0